000 00509nam a2200157Ia 4500
008 230907s9999||||xx |||||||||||||| ||und||
082 _a621.3
_bSAL
100 _aSalman Shahid Kunwar (NUST201361495MCES64113F)
_9116317
245 0 _aRenewable hydrogen production from algae and efficient utilization in PEMFCs /
260 _aUSPCAS-E, NUST,
_bIslamabad :
_c2016
300 _avii, 41 p. :
520 _aTH-38
650 _aMS-ESE Thesis MS Thesis
700 _aDr Naseem Iqbal
_916826
942 _cTHE
_2ddc
999 _c601717
_d601717